000 00617nam a2200217Ia 4500
005 20250508164357.0
008 008 250505s9999 xx 000 0 eng d
020 _a81-7119-830-9
037 _aTextual
040 _aFEDL
_beng
_cFEDL
041 _aeng
_2eng
084 _a891.433, KED
_qFEDL
100 _aKedarnath Singh
_924674
245 0 _aKabristan mein panchayat
260 _aDelhi, India
_bRadha Krishan Prakashan Pvt. Ltd.
_c2003
300 _a135p.
365 _aINR
_b175
650 _aHindi literature-Fiction
_9722739
942 _cTEXL
_h891.433, KED
999 _c1388832
_d1388832